000 004610000a22001690004500
003 MACL
005 20160102145715.0
008 160102b xxu||||| |||| 00| 0 eng d
040 _aMACL
_cMACL
041 _aEnglish
082 _a800/RIL
100 _aRiley, Henry T
_923535
245 _aThe Fasti Tristia Pontic Epistles Ibis and Halieuticon of Ovid
260 _bG Bell & Sons Ltd
_c1912
_aLondon
650 _aLiterature
_927217
942 _cBK
_k800/RIL
_2ddc
999 _c39035
_d39035